Analýza rizík spojená s činnosťou na rehabilitácii a ochrane podzemných oceľových potrubí
Saved in:
| Main Author: | |
|---|---|
| Other Authors: | |
| Format: | Manuscript Book |
| Language: | Slovak |
| Published: |
2017
|
| Subjects: | |
| Online Access: | http://is.stuba.sk/zp/portal_zp.pl?podrobnosti=132047 |
| Tags: |
No Tags, Be the first to tag this record!
|
MARC
| LEADER | 00000ntm a22000003a 4500 | ||
|---|---|---|---|
| 001 | stuzp63878 | ||
| 003 | SK-STU | ||
| 005 | 20170624212908.2 | ||
| 007 | ta | ||
| 008 | 150427s2015----xo-----f-mn---000-0-slo-d | ||
| 040 | |a STU |b slo | ||
| 041 | 0 | |a slo | |
| 100 | 1 | |a Jeluš, Matej |u 065000 |4 aut |U MTF Materiálovotechnologická fakulta |T MTF Ústav integrovanej bezpečnosti |X 77409 |U M5000 |Y 85 |7 77409 | |
| 242 | 0 | 1 | |a Risk analysis related to the rehabilitation and protection of underground steel pipelines |y eng |
| 245 | 1 | 0 | |a Analýza rizík spojená s činnosťou na rehabilitácii a ochrane podzemných oceľových potrubí |
| 260 | |c 2017 | ||
| 650 | 4 | |a Bezpečnosť |2 slo | |
| 650 | 4 | |a Analýza |2 slo | |
| 650 | 4 | |a Riziko |2 slo | |
| 650 | 4 | |a Stavba |2 slo | |
| 650 | 4 | |a Výkop |2 slo | |
| 650 | 4 | |a Paženie |2 slo | |
| 650 | 4 | |a Sheeting |2 eng | |
| 650 | 4 | |a Safety |2 eng | |
| 650 | 4 | |a Risk |2 eng | |
| 650 | 4 | |a Construction |2 eng | |
| 650 | 4 | |a Excavation |2 eng | |
| 650 | 4 | |a Analysis |2 eng | |
| 700 | 1 | |a Čekan, Pavol |u 065200 |k Z1 |4 ths |U MTF Ústav integrovanej bezpečnosti |T MTF Katedra bezpečnostného inžinierstva |X 66185 |U M5200 |Y 192 |7 A000066185 | |
| 856 | 4 | |u http://is.stuba.sk/zp/portal_zp.pl?podrobnosti=132047 | |
| 996 | |c M* BP-8056 |l MMSKP |s P |a 0 |w stuzp63878_0001 | ||